| 000 | 00758nam a22002297a 4500 | ||
|---|---|---|---|
| 003 | OSt | ||
| 005 | 20151207171411.0 | ||
| 008 | 150223b xxu||||| |||| 00| 0 eng d | ||
| 020 | _a84-206-9213-1 | ||
| 040 | _cBMC | ||
| 082 | _a823 | ||
| 100 | 1 |
_aGolding, William _931983 _d1911-1993 |
|
| 245 | 1 | 3 |
_aEl dios escorpión _b: tres novelas cortas _cWilliam Golding ; [traducción, Ernestina de Champourcin] |
| 250 | _a3ª ed | ||
| 260 |
_aMadrid _bAlianza _c1984 |
||
| 300 |
_a189 p. _c18 cm |
||
| 490 |
_aBiblioteca fundamental de nuestro tiempo. Sección literatura _v13 |
||
| 546 | _aTraducción de: The Scorpion God, Three Short Novels | ||
| 650 | 2 | 4 |
_911162 _aNovela inglesa |
| 700 | 1 |
_912594 _aChampourcín, Ernestina de _d1905-1999 |
|
| 942 |
_2ddc _cBK |
||
| 999 |
_c23820 _d23820 |
||